000 00784nam a2200253Ia 4500
003 OSt
005 20220927104029.0
006 a|||||r|||| 00| 0
007 ta
008 220926b |||||||| |||| 00| 0 eng d
024 _a79407
037 _cReference Collections
040 _aRTL
_cRTL
_beng
041 _2eng
_aeng
082 _a"Y:435:5, M5/UN"
110 _aUNITED NATIONS DISASTER RELIEF CO-ORDINATOR
_9362473
245 0 _aSpace applications for the acquisition and dissemination of diaster related data
260 _aGeneva
_bU N
_c1983
300 _a111p
_ccm.
650 _aDisaster
_9362474
700 _aUNITED NATIONS DISASTER RELIEF CO-ORDINATOR
_9362475
942 _h"Y:435:5, M5/UN"
_cCC
999 _c685284
_d685284